Franz Brentano, L’origine de la connaissance morale suivi de La Doctrine du jugement correct, trad. de Marc de Launay et Jean-Claude Gens, préface de Jean-Claude Gens, Paris, Gallimard, 2003, coll. « Bibliothèque de philosophie », 322 p., 19,50 E. (notice n° 1657180)
[ vue normale ]
| 000 -LEADER | |
|---|---|
| fixed length control field | 01319cam a2200169 4500500 |
| 005 - DATE AND TIME OF LATEST TRANSACTION | |
| control field | 20260208010553.0 |
| 041 ## - LANGUAGE CODE | |
| Language code of text/sound track or separate title | fre |
| 042 ## - AUTHENTICATION CODE | |
| Authentication code | dc |
| 100 10 - MAIN ENTRY--PERSONAL NAME | |
| Personal name | Tirvaudey, Robert |
| Relator term | author |
| 245 00 - TITLE STATEMENT | |
| Title | Franz Brentano, L’origine de la connaissance morale suivi de La Doctrine du jugement correct, trad. de Marc de Launay et Jean-Claude Gens, préface de Jean-Claude Gens, Paris, Gallimard, 2003, coll. « Bibliothèque de philosophie », 322 p., 19,50 E. |
| 260 ## - PUBLICATION, DISTRIBUTION, ETC. | |
| Date of publication, distribution, etc. | 2005.<br/> |
| 500 ## - GENERAL NOTE | |
| General note | 33 |
| 520 ## - SUMMARY, ETC. | |
| Summary, etc. | Lettres inédites de Théodule Ribot à Henri Piéron Édition et présentation des lettres (1902-1916) du psychologue fondateur de la Revue philosophique, Théodule Ribot, au jeune Henri Piéron, qui deviendra par la suite une figure centrale de la psychologie scientifique française. |
| 520 ## - SUMMARY, ETC. | |
| Summary, etc. | Unpublished letters from Théodule Ribot to Henri Piéron Edition and presentation of the letters (1902-1916) of Théodule Ribot, the psychologist founder of the Revue philosophique, to the young Henri Piéron, who will later become a central figure of French scientific psychology. |
| 786 0# - DATA SOURCE ENTRY | |
| Note | Revue philosophique de la France et de l'étranger | 130 | 3 | 2005-09-01 | p. 357zf-432zf | 0035-3833 |
| 856 41 - ELECTRONIC LOCATION AND ACCESS | |
| Uniform Resource Identifier | <a href="https://shs.cairn.info/revue-philosophique-2005-3-page-357zf?lang=fr&redirect-ssocas=7080">https://shs.cairn.info/revue-philosophique-2005-3-page-357zf?lang=fr&redirect-ssocas=7080</a> |
Pas d'exemplaire disponible.




Réseaux sociaux